[Event "BEL-ch U10"]
[Site "Blankenberge"]
[Date "2014.04.16"]
[Round "6"]
[White "Caudron, Meindert"]
[Black "Faybish, Benjamin"]
[Result "0-1"]
[WhiteElo "1119"]
[BlackElo "1407"]
[PlyCount "102"]
[EventDate "2014.04.13"]
[EventType "swiss"]
[EventRounds "9"]
[EventCountry "BEL"]
[SourceTitle "EXT 2022"]
[Source "ChessBase"]
[SourceDate "2021.10.06"]
[SourceVersion "1"]
[SourceVersionDate "2021.10.06"]
[SourceQuality "1"]

1. d4 b6 2. Bf4 Bb7 3. e3 e6 4. Nf3 Nf6 5. Bd3 Be7 6. Nbd2 d6 7. 0-0 Nbd7 8. c3 0-0 9. Qc2 h6 10. Rfe1 Nh5 11. Bg3 Nxg3 12. fxg3 Bf6 13. e4 e5 14. d5 Nc5 15. Rac1 Nxd3 16. Qxd3 Bc8 17. b3 Bg4 18. h3 Bd7 19. c4 Be7 20. Rc2 f5 21. Qe2 Qe8 22. exf5 Bxf5 23. Rc3 Qg6 24. Nh4 Bxh4 25. gxh4 Bxh3 26. Rxh3 Rf4 27. g3 Rxh4 28. Rxh4 Qxg3+ 29. Kh1 Qxh4+ 30. Kg2 Qg5+ 31. Kh3 Rf8 32. Ne4 Qf5+ 33. Qg4 Qf3+ 34. Qxf3 Rxf3+ 35. Kg4 Rf4+ 36. Kg3 g5 37. Nc3 a6 38. Re4 Kg7 39. Rxf4 exf4+ 40. Kg4 Kg6 41. a4 h5+ 42. Kf3 Kf5 43. b4 g4+ 44. Kf2 f3 45. Nd1 Kf4 46. a5 g3+ 47. Kg1 bxa5 48. bxa5 f2+ 49. Kg2 h4 50. Nc3 h3+ 51. Kf1 Kf3 0-1